000 01124nam1a22002771 4500
001 rc\3043097
005 20111006165319.7
035 _a(NLR Aleph) 007183045
090 _a7461295
_c7461295
100 _a20111006d1941 |||y0rusy50 ca
101 0 _arus
102 _aRU
105 _ay z |||||
200 1 _aВопросы логопедии
_eМатериалы Логопедического отдела Украинского отдела института уха, горла, носа. Вып. 4
_fРед. коллегия: д-р З.Б. Воробьевский, заслуж. проф. С.М. Компанеец и д-р М.И. Пайкин
210 _aХарьков
_cУкр. ин-т уха, горла, носа
_d1941
215 _d22 см
300 _aРезюме на фр. яз.
320 _aБиблиогр. в конце ст.
702 1 _aВоробьевский
_bЗ. Б.
_4340
702 1 _aКомпанеец
_bС. М.
_4340
702 1 _aПайкин
_bМ. И.
_4340
801 0 _aRU
_bNLR
_gpsbo
801 1 _aRU
_bELAR
_2rusmarc
852 _aNLR
_jМп50 Г-4/6(4)
942 _cBOOK
980 _aNB